[Event "Online Olym Div3 D 2020"]
[Site "chess.com INT"]
[Date "2020.07.08"]
[Round "6.2"]
[Board "4"]
[White "Morales Santos, Natasha"]
[Black "Curwin, Nickaylah"]
[Result "1-0"]
[WhiteTitle "WIM"]
[WhiteElo "1949"]
[BlackElo "1509"]
[WhiteTeam "Puerto Rico"]
[BlackTeam "Jamaica"]
[WhiteFideId "3101703"]
[BlackFideId "7402627"]
[EventDate "2020.07.07"]
[EventType "team"]

1. d4 d5 2. c4 c6 3. Nc3 e6 4. Nf3 f5 5. Bf4 Nf6 6. e3 Bd6 7. Bxd6 Qxd6 8. Ne5
Nbd7 9. f4 O-O 10. Bd3 Ne4 11. O-O Qe7 12. Qe2 Nxe5 13. fxe5 Bd7 14. Bxe4 fxe4
15. Rxf8+ Rxf8 16. Rf1 Qg5 17. Rxf8+ Kxf8 18. Qf2+ Ke7 19. c5 Qg4 20. Ne2 Be8
21. h3 Qh5 22. Kf1 h6 23. Ke1 Qf7 24. Nf4 g5 25. Ne2 Qf5 26. Ng3 Qxf2+ 27. Kxf2
Kd7 28. Nf1 Kc7 29. Kg3 h5 30. h4 gxh4+ 31. Kxh4 b6 32. b4 a5 33. a3 Kb7 34. Ng3
Ka6 35. Nxh5 bxc5 36. bxc5 Kb5 37. Nf6 Bf7 38. Nd7 Ka4 39. Kg5 Kxa3 40. g4 a4
41. Kf6 Kb2 42. Kxf7 a3 43. g5 a2 44. g6 a1=Q 45. g7 Qf1+ 46. Nf6 Qg2 47. g8=Q
Qf3 48. Qg5 Kc3 49. Kxe6 Kd3 50. Ng4 Qf8 51. Qf4 Qe8+ 52. Kd6 Qc8 53. e6 Kc4 54.
e7 Qb8+ 55. Kd7 Qb7+ 56. Ke6 Qc8+ 57. Kf7 Qd7 58. Nf6 Qb7 59. Kf8 1-0

[Event "Online Olym Div3 D 2020"]
[Site "chess.com INT"]
[Date "2020.07.08"]
[Round "6.2"]
[Board "5"]
[White "McKennis, Darren"]
[Black "Rodriguez Rosich, Carlos"]
[Result "1-0"]
[WhiteElo "1735"]
[BlackElo "1574"]
[WhiteTeam "Jamaica"]
[BlackTeam "Puerto Rico"]
[WhiteFideId "7402872"]
[BlackFideId "3104230"]
[EventDate "2020.07.07"]
[EventType "team"]

1. d4 Nf6 2. c4 c5 3. d5 b5 4. cxb5 a6 5. bxa6 g6 6. Nc3 d6 7. e4 Bxa6 8. Nf3
Bxf1 9. Kxf1 Bg7 10. g3 O-O 11. Kg2 Qa5 12. a4 Ng4 13. Qc2 Ne5 14. Nxe5 Bxe5 15.
Bd2 Qb6 16. Nb5 Na6 17. Bc3 Bd4 18. Bxd4 cxd4 19. Qd2 Rab8 20. b4 Rfc8 21. Rhc1
Kg7 22. Rab1 h5 23. Rxc8 Rxc8 24. Qxd4+ Qxd4 25. Nxd4 Rc4 26. Nc6 Rxe4 27. b5
Nc5 28. a5 Kf6 29. b6 e6 30. dxe6 fxe6 31. b7 Nxb7 32. Rxb7 Ra4 33. Rb6 d5 34.
a6 d4 35. a7 d3 36. Rb3 d2 37. Rd3 Ra2 38. Rxd2 Rxd2 39. a8=Q Rc2 40. Qf8+ Kg5
41. Qf4# 1-0

[Event "Online Olym Div3 D 2020"]
[Site "chess.com INT"]
[Date "2020.07.08"]
[Round "6.2"]
[Board "6"]
[White "Richiez Guillen, Ciara Bernadette"]
[Black "Miller, Rachel"]
[Result "0-1"]
[BlackTitle "CM"]
[WhiteElo "1417"]
[BlackElo "2004"]
[WhiteTeam "Puerto Rico"]
[BlackTeam "Jamaica"]
[WhiteFideId "6424643"]
[BlackFideId "7401302"]
[EventDate "2020.07.07"]
[EventType "team"]

1. d4 d5 2. c4 e6 3. Nc3 a6 4. Nf3 Nf6 5. a3 dxc4 6. e4 b5 7. g3 Bb7 8. Bg5 Be7
9. Bxf6 Bxf6 10. Bg2 O-O 11. O-O Nd7 12. e5 Be7 13. Qc2 g6 14. h4 c5 15. Rad1
cxd4 16. Rxd4 Qc8 17. Re1 Nc5 18. Rg4 Nd3 19. Re2 h5 20. Rd4 Bc5 21. Rxd3 cxd3
22. Qxd3 Rd8 23. Qc2 Qd7 24. Ne4 Qd1+ 25. Qxd1 Rxd1+ 26. Kh2 Bxe4 27. Rxe4 Rad8
28. Re2 a5 29. Rc2 Bb6 30. Rc6 Bxf2 31. Ng5 R1d7 32. Ne4 Bd4 33. Nf6+ Kg7 34.
Nxd7 Rxd7 35. b4 axb4 36. axb4 Bxe5 37. Rc5 f6 38. Rxb5 Rd3 39. Rb7+ Kh6 40. b5
Bxg3+ 41. Kh3 Be1+ 42. Kh2 Bxh4 43. Rc7 Bg3+ 44. Kh1 Bxc7 0-1

[Event "Online Olym Div3 D 2020"]
[Site "chess.com INT"]
[Date "2020.07.08"]
[Round "6.3"]
[Board "1"]
[White "Andersen, Mads"]
[Black "Hoffman, Alejandro"]
[Result "1-0"]
[WhiteTitle "GM"]
[BlackTitle "GM"]
[WhiteElo "2585"]
[BlackElo "2474"]
[WhiteTeam "Denmark"]
[BlackTeam "Uruguay"]
[WhiteFideId "1413864"]
[BlackFideId "100340"]
[EventDate "2020.07.07"]
[EventType "team"]

1. Nf3 Nf6 2. g3 d5 3. Bg2 c6 4. c4 e6 5. O-O Be7 6. d4 O-O 7. Qc2 b6 8. b3 Nbd7
9. Rd1 Ba6 10. Nbd2 Rc8 11. e4 c5 12. exd5 exd5 13. Nf1 cxd4 14. Nxd4 Re8 15.
Ne3 Bc5 16. Nxd5 Nxd5 17. Bxd5 Nf6 18. Bg5 h6 19. Nc6 Qd7 20. Bxf6 Rxc6 21. Bd4
Bxd4 22. Rxd4 Rd6 23. Rad1 Kh8 24. Bc6 Qxc6 25. Rxd6 Qc8 26. Qd3 1-0

[Event "Online Olym Div3 D 2020"]
[Site "chess.com INT"]
[Date "2020.07.08"]
[Round "6.3"]
[Board "2"]
[White "Roselli Mailhe, Bernardo"]
[Black "Thybo, Jesper Sondergaard"]
[Result "1/2-1/2"]
[WhiteTitle "IM"]
[BlackTitle "GM"]
[WhiteElo "2429"]
[BlackElo "2577"]
[WhiteTeam "Uruguay"]
[BlackTeam "Denmark"]
[WhiteFideId "3000028"]
[BlackFideId "1438832"]
[EventDate "2020.07.07"]
[EventType "team"]

1. d4 Nf6 2. c4 e6 3. Nf3 d5 4. Nc3 dxc4 5. e4 Bb4 6. Bg5 h6 7. Bxf6 Qxf6 8.
Bxc4 c5 9. O-O cxd4 10. e5 Qd8 11. Nxd4 O-O 12. Qg4 Qa5 13. Nf3 Bxc3 14. bxc3
Qxc3 15. Qe4 Qb4 16. a4 Bd7 17. Rfb1 Bc6 18. Qf4 Qc5 19. Rc1 Bxf3 20. Qxf3 Nc6
21. Bxe6 Qxe5 22. Bc4 Rad8 23. Rab1 Rd7 24. h3 Nd4 25. Qe3 Qxe3 26. fxe3 Ne6 27.
Rd1 Rxd1+ 28. Rxd1 Rd8 29. Rb1 b6 30. a5 Rd6 31. axb6 axb6 32. Ra1 Rd7 33. Ra8+
Kh7 34. Rb8 Rd6 35. Rb7 Kg6 36. Kf2 Kf6 37. Ke2 h5 38. h4 g6 39. g3 Rc6 40. Bb3
Rd6 41. Bc4 Rc6 42. Bb3 Kg7 43. Kf3 Nd4+ 44. exd4 Rc3+ 45. Kf4 Rxb3 46. d5 Kf6
47. d6 Rb4+ 48. Kf3 b5 49. d7 Ke7 50. Ke3 Kd8 51. Kf3 Rb1 52. Ke3 b4 53. Kf3 b3
54. Kg2 f6 55. Kh2 g5 56. hxg5 fxg5 57. Kg2 Rb2+ 58. Kg1 Rd2 59. Rxb3 Rxd7 60.
Rb5 Rg7 61. Kg2 Ke7 62. Kf3 Kf6 63. Rb6+ Kf5 64. Rb5+ Kg6 65. Rb6+ Kh7 66. Kg2
Rf7 67. Ra6 Kg7 68. Rb6 Rf6 69. Rb5 Kg6 70. Ra5 Re6 71. Rb5 Kf6 72. Ra5 Re5 73.
Ra4 Kf5 74. Kf3 Rb5 75. Kg2 Rb2+ 76. Kg1 Re2 77. g4+ hxg4 78. Rb4 Re4 79. Rb3
Kf4 80. Kf2 g3+ 81. Kg2 Re2+ 82. Kg1 Kg4 83. Rb8 Rf2 84. Ra8 Rb2 85. Rc8 Kh3 86.
Rh8+ Kg4 87. Rc8 Rd2 88. Ra8 Re2 89. Rb8 Ra2 90. Rc8 Re2 91. Ra8 g2 92. Ra3 Kh4
93. Rb3 Kg4 94. Ra3 Kf4 95. Rb3 Rc2 96. Ra3 Kg4 97. Rb3 Kh4 98. Ra3 Rb2 99. Rc3
Ra2 100. Rb3 g4 101. Rc3 Rb2 102. Ra3 Re2 103. Rb3 Kg5 104. Rg3 Kf4 105. Rxg2
Re1+ 106. Kh2 Re3 107. Rf2+ Rf3 108. Ra2 Re3 109. Kg2 Rg3+ 110. Kf2 Rb3 111.
Ra4+ Kg5 112. Ra8 Rb2+ 113. Kg3 Rb3+ 114. Kg2 Re3 115. Rg8+ Kf4 116. Rf8+ Kg5
117. Rg8+ Kh5 118. Rh8+ Kg6 119. Rg8+ Kf5 120. Rf8+ Kg5 121. Rg8+ 1/2-1/2

[Event "Online Olym Div3 D 2020"]
[Site "chess.com INT"]
[Date "2020.07.08"]
[Round "6.3"]
[Board "3"]
[White "Kakulidis, Ellen"]
[Black "de Leon, Patricia"]
[Result "1/2-1/2"]
[WhiteTitle "WCM"]
[BlackTitle "WFM"]
[WhiteElo "2059"]
[BlackElo "2004"]
[WhiteTeam "Denmark"]
[BlackTeam "Uruguay"]
[WhiteFideId "1444972"]
[BlackFideId "3000273"]
[EventDate "2020.07.07"]
[EventType "team"]

1. d4 Nf6 2. g3 g6 3. Bg2 d5 4. Nf3 Bg7 5. O-O O-O 6. Nbd2 Nbd7 7. c4 c6 8. Qc2
Re8 9. b3 e5 10. dxe5 Nxe5 11. Bb2 Bf5 12. Qc1 Nxf3+ 13. Bxf3 Ne4 14. Bxg7 Kxg7
15. cxd5 cxd5 16. Qb2+ Qf6 17. Qxf6+ Kxf6 18. Bxe4 Bxe4 19. Nxe4+ 1/2-1/2

[Event "Online Olym Div3 D 2020"]
[Site "chess.com INT"]
[Date "2020.07.08"]
[Round "6.3"]
[Board "4"]
[White "Larrea, Daniela"]
[Black "Stolberg-Rohr, Thomine"]
[Result "0-1"]
[WhiteTitle "WCM"]
[BlackTitle "WFM"]
[WhiteElo "1705"]
[BlackElo "1918"]
[WhiteTeam "Uruguay"]
[BlackTeam "Denmark"]
[WhiteFideId "3003000"]
[BlackFideId "1504258"]
[EventDate "2020.07.07"]
[EventType "team"]

1. d4 Nf6 2. c4 e6 3. Nc3 Bb4 4. Bd2 O-O 5. Nf3 d5 6. e3 c5 7. cxd5 Nxd5 8. e4
cxd4 9. Nxd5 Bxd2+ 10. Qxd2 exd5 11. exd5 Qxd5 12. Qxd4 Re8+ 13. Be2 Qb5 14. Qd2
Nc6 15. Kf1 Qb6 16. Rd1 Be6 17. a3 Rad8 18. Qc3 Rxd1+ 19. Bxd1 Bg4 20. h3 Qb5+
21. Kg1 Bh5 22. Kh2 Qd5 23. Bb3 Qd6+ 24. g3 Bxf3 25. Qxf3 Qe7 26. Kg2 Nd4 27.
Qe3 Qxe3 28. fxe3 Nxb3 29. Kf3 Nd2+ 30. Ke2 Nc4 31. Rc1 Nxe3 32. Kf3 Nd5 33. Rd1
Nf6 34. Rc1 Nd5 35. Rd1 Rd8 36. Rc1 Kf8 37. Ke4 Nf6+ 38. Ke5 Rd5+ 39. Kf4 Ke7
40. Rc7+ Rd7 41. Rc2 a6 42. g4 h6 43. Re2+ Kd6 44. h4 Nd5+ 45. Kf5 Re7 46. Rd2
Re5# 0-1

[Event "Online Olym Div3 D 2020"]
[Site "chess.com INT"]
[Date "2020.07.08"]
[Round "6.3"]
[Board "5"]
[White "Bjerre, Jonas Buhl"]
[Black "Vazquez, Facundo"]
[Result "1-0"]
[WhiteTitle "GM"]
[BlackTitle "CM"]
[WhiteElo "2549"]
[BlackElo "2207"]
[WhiteTeam "Denmark"]
[BlackTeam "Uruguay"]
[WhiteFideId "1444948"]
[BlackFideId "3007669"]
[EventDate "2020.07.07"]
[EventType "team"]

1. d4 Nf6 2. c4 g6 3. Nc3 Bg7 4. e4 d6 5. Nf3 O-O 6. Be2 e5 7. O-O Nbd7 8. Be3
c6 9. d5 c5 10. Ne1 Ne8 11. Nd3 Qe7 12. Rb1 f5 13. f3 Ndf6 14. b4 b6 15. a4 f4
16. Bf2 g5 17. a5 h5 18. Na4 Qc7 19. Ra1 Rb8 20. axb6 axb6 21. Qb3 g4 22. Rfb1
Rb7 23. Nc3 Qf7 24. Ra8 gxf3 25. Bxf3 Nc7 26. Rxc8 Rxc8 27. bxc5 Bf8 28. cxd6
Bxd6 29. c5 Bf8 30. Nxe5 Qe8 31. c6 Ra7 32. d6+ Ne6 33. d7 Nxd7 34. cxd7 Rxd7
35. Nxd7 Qxd7 36. Nd5 1-0

[Event "Online Olym Div3 D 2020"]
[Site "chess.com INT"]
[Date "2020.07.08"]
[Round "6.3"]
[Board "6"]
[White "Malan, Lucia"]
[Black "van den Brink, Nienke"]
[Result "1-0"]
[WhiteTitle "WCM"]
[WhiteElo "1741"]
[BlackElo "1811"]
[WhiteTeam "Uruguay"]
[BlackTeam "Denmark"]
[WhiteFideId "3007570"]
[BlackFideId "1452568"]
[EventDate "2020.07.07"]
[EventType "team"]

1. e4 c5 2. Nf3 d6 3. d4 cxd4 4. Nxd4 Nf6 5. Nc3 a6 6. Be2 e5 7. Nb3 Be6 8. O-O
Be7 9. Be3 O-O 10. Nd5 Nxd5 11. exd5 Bf5 12. Qd2 Nd7 13. Na5 Qc7 14. c4 Bg6 15.
b4 f5 16. f3 f4 17. Bf2 Bf6 18. Rac1 b6 19. Nc6 e4 20. fxe4 Rae8 21. Bd4 Rxe4
22. Bxf6 Rxf6 23. Bd3 Re8 24. Bxg6 Rxg6 25. Rxf4 Ne5 26. Nxe5 Rxe5 27. Rcf1 Re8
28. Qf2 h6 29. Qc2 Rg5 30. h4 Rge5 31. Qg6 R5e7 32. Qg4 Qd7 33. Qf3 Qc7 34. Rf8+
Rxf8 35. Qxf8+ Kh7 36. Qf5+ g6 37. Qd3 Rf7 38. Re1 Re7 39. Re4 Rxe4 40. Qxe4 Qf7
41. h5 Kg7 42. hxg6 Qxg6 43. Qxg6+ Kxg6 44. Kf2 Kf5 45. Kf3 h5 46. Ke3 Kg4 47.
Kd4 Kg3 48. c5 bxc5+ 49. bxc5 dxc5+ 50. Kxc5 Kxg2 51. d6 h4 52. d7 h3 53. d8=Q
h2 54. Qd2+ Kg1 55. Qg5+ Kh1 56. Kd4 a5 57. Ke3 a4 58. Kf2 a3 59. Qg2# 1-0

[Event "Online Olym Div3 D 2020"]
[Site "chess.com INT"]
[Date "2020.07.08"]
[Round "6.4"]
[Board "1"]
[White "Paiva, Donaldo"]
[Black "Zambrana, Oswaldo"]
[Result "1-0"]
[WhiteTitle "CM"]
[BlackTitle "GM"]
[WhiteElo "2230"]
[BlackElo "2438"]
[WhiteTeam "Mozambique"]
[BlackTeam "Bolivia"]
[WhiteFideId "14800098"]
[BlackFideId "3300200"]
[EventDate "2020.07.07"]
[EventType "team"]

1. e4 c5 2. Nf3 Nc6 3. Bb5 e6 4. O-O Nge7 5. c3 a6 6. Ba4 b5 7. Bc2 d5 8. e5 d4
9. Be4 Bb7 10. cxd4 cxd4 11. d3 Qb6 12. Bf4 h6 13. h4 g6 14. Nbd2 Bg7 15. Nb3
Rd8 16. Qd2 Nf5 17. Rac1 Nce7 18. Bxb7 Qxb7 19. Nc5 Qb6 20. Ne4 Nd5 21. g4 Nxh4
22. Nxh4 Nxf4 23. Qxf4 g5 24. Qf3 gxh4 25. Nd6+ Rxd6 26. exd6 Qxd6 27. Rc8+ Ke7
28. Rc6 Qd7 29. Rfc1 Be5 30. Rb6 Rb8 31. Rxb8 Bxb8 32. Qc6 Bf4 33. Rc5 e5 34.
Qxd7+ Kxd7 35. Kg2 f6 36. f3 Bd2 37. Kh3 Be1 38. Rd5+ Kc7 39. Rc5+ Kd7 40. Rc1
Bf2 41. b3 Be3 42. Rc2 Bg5 43. a4 bxa4 44. bxa4 a5 45. Rc5 Bd2 46. Kxh4 Ke6 47.
Rc6+ Kf7 48. Kh5 Be3 49. Ra6 Bd2 50. Ra7+ Ke6 51. Kg6 1-0

[Event "Online Olym Div3 D 2020"]
[Site "chess.com INT"]
[Date "2020.07.08"]
[Round "6.4"]
[Board "2"]
[White "Borda, Cesar"]
[Black "Napoleao, Lourenco"]
[Result "1-0"]
[WhiteTitle "CM"]
[WhiteElo "2118"]
[BlackElo "1807"]
[WhiteTeam "Bolivia"]
[BlackTeam "Mozambique"]
[WhiteFideId "3302121"]
[BlackFideId "14801302"]
[EventDate "2020.07.07"]
[EventType "team"]

1. e4 c5 2. Nf3 d6 3. c3 Nf6 4. h3 g6 5. Bd3 Bg7 6. Bc2 O-O 7. O-O Nc6 8. Re1 c4
9. Qe2 b5 10. a4 Ne5 11. Nxe5 dxe5 12. axb5 Be6 13. d3 Qc8 14. Nd2 cxd3 15. Bxd3
Rd8 16. Nf3 Nh5 17. Ng5 Bd7 18. Bc4 Rf8 19. Bd5 Rb8 20. Rxa7 Bxb5 21. Qf3 e6 22.
Ba2 Rb7 23. Rxb7 Qxb7 24. c4 Bc6 25. Qd3 Qa8 26. Qb1 Qa4 27. b3 Qa8 28. b4 Nf6
29. b5 Bb7 30. c5 h6 31. Nf3 Bxe4 32. Rxe4 Nxe4 33. Be3 Nc3 34. Qc2 Nxa2 35. c6
Nb4 36. Qc5 Nd5 37. b6 Nxe3 38. fxe3 Rd8 39. b7 Qa1+ 40. Kh2 Bf8 41. c7 Rd1 42.
c8=Q Rh1+ 43. Kg3 1-0

[Event "Online Olym Div3 D 2020"]
[Site "chess.com INT"]
[Date "2020.07.08"]
[Round "6.4"]
[Board "3"]
[White "Vilhete, Vania Fausto Da T."]
[Black "Molina, Jessica"]
[Result "0-1"]
[WhiteTitle "WIM"]
[BlackTitle "WFM"]
[WhiteElo "1799"]
[BlackElo "1834"]
[WhiteTeam "Mozambique"]
[BlackTeam "Bolivia"]
[WhiteFideId "14800144"]
[BlackFideId "3303888"]
[EventDate "2020.07.07"]
[EventType "team"]

1. d4 d5 2. c4 e6 3. Nc3 Nf6 4. Nf3 c6 5. e3 Nbd7 6. Bd3 Be7 7. O-O dxc4 8. Bxc4
b5 9. Bd3 Bb7 10. a3 a6 11. Re1 Rc8 12. e4 Nb6 13. e5 Nfd5 14. Ne4 c5 15. dxc5
Bxc5 16. Bd2 Ne7 17. Ba5 Bxe4 18. Bxe4 Qxd1 19. Rexd1 Nbd5 20. Rac1 O-O 21. h3
h6 22. Nd2 Bd4 23. Bc3 Bxc3 24. bxc3 Nxc3 25. Re1 Ne2+ 26. Rxe2 Rxc1+ 27. Kh2
Ra1 28. Nb1 Nd5 29. Rb2 Rc8 30. f3 Nc3 31. Nxc3 Rxc3 32. Rd2 g6 33. Rd7 Raxa3
34. Rd8+ Kg7 35. Rd7 Rc5 36. f4 Ra4 37. Bc2 Rxc2 0-1

[Event "Online Olym Div3 D 2020"]
[Site "chess.com INT"]
[Date "2020.07.08"]
[Round "6.4"]
[Board "4"]
[White "Mollo Figueroa, Nicole"]
[Black "Farnela, Nuzela Zacarias Musindo"]
[Result "1-0"]
[BlackTitle "WCM"]
[WhiteElo "1141"]
[BlackElo "1431"]
[WhiteTeam "Bolivia"]
[BlackTeam "Mozambique"]
[WhiteFideId "3325687"]
[BlackFideId "14800292"]
[EventDate "2020.07.07"]
[EventType "team"]

1. e4 e5 2. Nf3 Nc6 3. Bc4 Bc5 4. c3 h6 5. d4 exd4 6. cxd4 Bb6 7. Nc3 d6 8. O-O
Bg4 9. h3 Bh5 10. Be3 Nf6 11. Be2 O-O 12. a3 Re8 13. Qd3 Bg6 14. d5 Ne5 15. Nxe5
Rxe5 16. Bxb6 axb6 17. f3 c6 18. Qd4 c5 19. Qf2 Nd7 20. f4 Re8 21. Bf3 f5 22.
Rfe1 fxe4 23. Bxe4 Qf6 24. Bxg6 Qxg6 25. Nb5 Rxe1+ 26. Rxe1 Qd3 27. Qe2 Qb3 28.
Qe6+ Kh8 29. Qxd7 Qxb2 30. Nxd6 Qd4+ 31. Kh1 Qxf4 32. Re8+ Rxe8 33. Qxe8+ Kh7
34. Qe4+ Qxe4 35. Nxe4 Kg6 36. g4 Kf7 37. Kg2 Ke7 38. Kf3 c4 39. Ke3 b5 40. Kd4
Kd7 41. Kc5 b6+ 42. Kxb6 c3 43. Nxc3 Kd6 44. Kxb5 g5 45. a4 Kc7 46. Ne4 Kb7 47.
d6 Kc8 48. Nc5 Kd8 49. a5 Kc8 50. a6 Kb8 51. d7 Kc7 52. a7 h5 53. a8=Q hxg4 54.
hxg4 Kd6 55. d8=Q+ Ke5 56. Qad5+ Kf4 57. Q8xg5+ 1-0

[Event "Online Olym Div3 D 2020"]
[Site "chess.com INT"]
[Date "2020.07.08"]
[Round "6.4"]
[Board "5"]
[White "Vasco, Mateus Felizardo Viageiro"]
[Black "Titichoca Daza, Daniel"]
[Result "1-0"]
[BlackTitle "CM"]
[WhiteElo "1862"]
[BlackElo "2090"]
[WhiteTeam "Mozambique"]
[BlackTeam "Bolivia"]
[WhiteFideId "14800403"]
[BlackFideId "3309550"]
[EventDate "2020.07.07"]
[EventType "team"]

1. e4 c5 2. Nf3 d6 3. d4 cxd4 4. Nxd4 Nf6 5. Nc3 a6 6. f3 e6 7. Be3 b5 8. Qd2
Bb7 9. O-O-O Nbd7 10. g4 Nb6 11. g5 Nfd7 12. a3 Rc8 13. f4 Nc5 14. Bg2 Nc4 15.
Qe2 Qa5 16. Bd2 Qb6 17. f5 e5 18. Nd5 Bxd5 19. exd5 Nxb2 20. Nc6 Nc4 21. Rhe1 a5
22. f6 Nd7 23. Be3 Qc7 24. Bh3 g6 25. Na7 Nxe3 26. Nxc8 Nxd1 27. Rxd1 Qxc8 28.
Qxb5 h6 29. Rd3 hxg5 30. Rc3 Qd8 31. Bxd7+ Qxd7 32. Rc8# 1-0

[Event "Online Olym Div3 D 2020"]
[Site "chess.com INT"]
[Date "2020.07.08"]
[Round "6.5"]
[Board "1"]
[White "Henriquez Villagra, Cristobal"]
[Black "Ynojosa Aponte, Felix Jose"]
[Result "1-0"]
[WhiteTitle "GM"]
[BlackTitle "IM"]
[WhiteElo "2600"]
[BlackElo "2393"]
[WhiteTeam "Chile"]
[BlackTeam "Venezuela"]
[WhiteFideId "3409350"]
[BlackFideId "3900258"]
[EventDate "2020.07.07"]
[EventType "team"]

1. e4 c5 2. Nf3 Nc6 3. Nc3 d6 4. d4 cxd4 5. Nxd4 e5 6. Nf5 Nf6 7. Bg5 Bxf5 8.
exf5 Rc8 9. g3 Nd4 10. Bg2 Qd7 11. Bxf6 gxf6 12. O-O Be7 13. Rc1 Qxf5 14. Bxb7
Rb8 15. Be4 Qd7 16. Rb1 h5 17. Ne2 d5 18. Bg2 Nxe2+ 19. Qxe2 Qe6 20. Rbd1 d4 21.
c3 Bc5 22. b4 Bb6 23. cxd4 Bxd4 24. Rc1 Rxb4 25. Rc6 Qf5 26. Qa6 O-O 27. Rxf6
Qg5 28. Kh1 Bb6 29. Rf3 Rb2 30. Qc4 Kg7 31. Qe4 Bd4 32. Rf5 Qh6 33. f4 Rxa2 34.
Rg5+ Kh8 35. Qf5 Rxg2 36. Rxh5 1-0

[Event "Online Olym Div3 D 2020"]
[Site "chess.com INT"]
[Date "2020.07.08"]
[Round "6.5"]
[Board "2"]
[White "Martinez Reyes, Pedro Ramon"]
[Black "Salinas Herrera, Pablo"]
[Result "1/2-1/2"]
[WhiteTitle "FM"]
[BlackTitle "GM"]
[WhiteElo "2422"]
[BlackElo "2514"]
[WhiteTeam "Venezuela"]
[BlackTeam "Chile"]
[WhiteFideId "3901807"]
[BlackFideId "3407128"]
[EventDate "2020.07.07"]
[EventType "team"]

1. e4 e5 2. Nf3 Nc6 3. d4 exd4 4. Nxd4 Bc5 5. Nxc6 bxc6 6. Bd3 Qh4 7. Qf3 Nf6 8.
Be3 Bxe3 9. Qxe3 O-O 10. Nc3 d5 11. g3 Qh3 12. O-O-O Re8 13. Qf4 Re7 14. e5 Ng4
15. Rde1 Qh5 16. h3 Nxe5 17. g4 Qh6 18. Qxh6 gxh6 19. f4 Nxd3+ 20. cxd3 Rxe1+
21. Rxe1 Kf8 22. Kd2 h5 23. f5 hxg4 24. hxg4 Rb8 25. b3 Rb4 26. Rg1 h5 27. gxh5
Bxf5 28. Rg5 Bh7 29. Ne2 Rh4 30. Re5 Bg8 31. Rf5 Ke7 32. Re5+ Kf8 33. Rf5 Rh2
34. Ke3 Bh7 35. Rf4 Rh3+ 36. Kf2 Bxd3 37. Ng3 Rh2+ 38. Ke3 Bh7 39. Ra4 Ke7 40.
Rxa7 Kd6 41. Kf4 f6 42. Ra8 Rh4+ 43. Kf3 Be4+ 44. Ke3 Bb1 45. Rf8 d4+ 46. Kf3
Ke7 47. Rc8 Kd7 48. Rf8 Bxa2 49. Rxf6 Bxb3 50. h6 Bd5+ 51. Ke2 Rh3 52. Nf5 Bc4+
53. Kf2 c5 54. Kg2 Rh5 55. Ng3 Bd5+ 56. Kf2 Rh2+ 57. Ke1 c4 58. Rf5 Kd6 59. Rh5
Rxh5 60. Nxh5 Be4 61. Nf6 Bg6 62. h7 Bxh7 63. Nxh7 Ke5 64. Ng5 c3 65. Ke2 c5 66.
Kd3 Kd5 67. Nf3 c4+ 68. Kc2 Ke4 69. Ne1 Kf4 70. Ng2+ Kf3 71. Nh4+ Ke2 72. Nf5
d3+ 73. Kxc3 d2 74. Nd4+ Ke3 75. Nc2+ Ke2 76. Nd4+ Ke3 77. Nc2+ Ke2 78. Nd4+ 1/2-1/2

[Event "Online Olym Div3 D 2020"]
[Site "chess.com INT"]
[Date "2020.07.08"]
[Round "6.5"]
[Board "3"]
[White "Abarca Gonzalez, Damaris"]
[Black "Varela La Madrid, Tilsia Carolina"]
[Result "1/2-1/2"]
[WhiteTitle "WFM"]
[BlackTitle "WIM"]
[WhiteElo "2047"]
[BlackElo "2060"]
[WhiteTeam "Chile"]
[BlackTeam "Venezuela"]
[WhiteFideId "3409414"]
[BlackFideId "3903001"]
[EventDate "2020.07.07"]
[EventType "team"]

1. e4 e5 2. Nf3 Nc6 3. Bc4 Nf6 4. d3 Bc5 5. c3 h6 6. Nbd2 a5 7. Bb3 O-O 8. Nf1
d5 9. exd5 Nxd5 10. Ng3 Nf6 11. Ne4 Nxe4 12. dxe4 Qxd1+ 13. Bxd1 Bg4 14. h3 Be6
15. Be2 Rfd8 1/2-1/2

[Event "Online Olym Div3 D 2020"]
[Site "chess.com INT"]
[Date "2020.07.08"]
[Round "6.5"]
[Board "4"]
[White "Patino Garcia, Corals"]
[Black "Morales Flores, Monserrat"]
[Result "0-1"]
[WhiteTitle "WFM"]
[BlackTitle "WCM"]
[WhiteElo "1921"]
[BlackElo "1974"]
[WhiteTeam "Venezuela"]
[BlackTeam "Chile"]
[WhiteFideId "3902781"]
[BlackFideId "3412016"]
[EventDate "2020.07.07"]
[EventType "team"]

1. d4 Nf6 2. Bf4 g6 3. Nc3 d5 4. e3 Bg7 5. h4 h5 6. Nf3 c6 7. Ne5 Nbd7 8. Bd3
Nxe5 9. Bxe5 O-O 10. f3 Qd7 11. Qe2 b5 12. O-O-O a5 13. Rdg1 Re8 14. g4 hxg4 15.
fxg4 Nxg4 16. Bxg7 Kxg7 17. h5 Rh8 18. hxg6 Rxh1 19. Rxh1 fxg6 20. Rg1 Qe6 21.
e4 dxe4 22. Bxe4 Bd7 23. Qg2 Rf8 24. Bxc6 Bxc6 25. Qxg4 Rf1+ 26. Kd2 Qe1+ 27.
Kd3 Rxg1 28. d5 Rxg4 0-1

[Event "Online Olym Div3 D 2020"]
[Site "chess.com INT"]
[Date "2020.07.08"]
[Round "6.5"]
[Board "5"]
[White "Castellanos Villela, Alejandro"]
[Black "Salazar Olchowski, Gabriel Anton"]
[Result "1-0"]
[WhiteTitle "CM"]
[BlackTitle "FM"]
[WhiteElo "2202"]
[BlackElo "2159"]
[WhiteTeam "Chile"]
[BlackTeam "Venezuela"]
[WhiteFideId "3446379"]
[BlackFideId "3920747"]
[EventDate "2020.07.07"]
[EventType "team"]

1. e4 c5 2. Nf3 d6 3. d4 cxd4 4. Qxd4 Nf6 5. Be2 Nc6 6. Qe3 g6 7. O-O Bg7 8. h3
O-O 9. Rd1 Qc7 10. c4 a5 11. Nc3 a4 12. Bd2 Be6 13. Rac1 Nd7 14. Nd5 Qb8 15. Bc3
Bxc3 16. Rxc3 Qa7 17. Qh6 Rfc8 18. Ng5 Nf8 19. Bg4 b6 20. Bxe6 fxe6 21. Rf3 1-0

[Event "Online Olym Div3 D 2020"]
[Site "chess.com INT"]
[Date "2020.07.08"]
[Round "6.5"]
[Board "6"]
[White "Alvarado Arcila, Marvia Josefina"]
[Black "Gomez Barrera, Javiera Belen"]
[Result "0-1"]
[WhiteTitle "WFM"]
[BlackTitle "WIM"]
[WhiteElo "1967"]
[BlackElo "2083"]
[WhiteTeam "Venezuela"]
[BlackTeam "Chile"]
[WhiteFideId "3909034"]
[BlackFideId "3418723"]
[EventDate "2020.07.07"]
[EventType "team"]

1. d4 Nf6 2. c4 g6 3. Nc3 Bg7 4. e4 d6 5. f4 O-O 6. Nf3 c5 7. d5 e6 8. Be2 exd5
9. cxd5 Re8 10. Nd2 c4 11. a4 Na6 12. O-O Nc5 13. e5 dxe5 14. Nxc4 e4 15. Be3
Nd3 16. Bxd3 exd3 17. Qxd3 Bf5 18. Qd2 Ne4 19. Nxe4 Rxe4 20. Rac1 Qd7 21. b3 Rd8
22. d6 Be6 23. Rfd1 Bg4 24. Re1 Be6 25. Bc5 Rxe1+ 26. Rxe1 b5 27. axb5 Qxb5 28.
Bxa7 Qxb3 29. Ne5 Qa3 30. Qf2 Qxd6 31. Bb6 Rc8 32. h3 Qd5 33. Qb2 Bf5 34. Rc1
Re8 35. Bd4 Qe4 36. Qf2 Rd8 37. Ba1 Qd5 38. Bb2 h5 39. Nc6 Re8 40. Bxg7 Kxg7 41.
Qb2+ Kg8 42. Qf6 Qe6 43. Qxe6 Bxe6 44. Ne5 Ra8 45. Rc2 Kg7 46. Kf2 Ra4 47. Ke3
Ra3+ 48. Kf2 Ra4 49. Ke3 Kf6 50. h4 Ra3+ 51. Kf2 Kf5 52. g3 f6 53. Nf3 Ke4 54.
Re2+ Kd5 55. Rd2+ Kc4 56. Rd6 Bg4 57. Nd2+ Kc5 58. Rxf6 Bf5 59. Rf8 Kd4 60. Rd8+
Kc3 61. Nf3 Ra2+ 62. Ke3 Rg2 0-1